[Event "Catalunya-ch"]
[Site "Barcelona"]
[Date "2007.04.07"]
[Round "7"]
[White "Capellades Subirana, Marc"]
[Black "Margalef Kriesten, Joan"]
[Result "1-0"]
[WhiteElo "2093"]
[BlackElo "1979"]
[PlyCount "123"]
[EventDate "2007.04.01"]
[EventType "swiss"]
[EventRounds "9"]
[EventCountry "ESP"]
[SourceTitle "CBM 117 Extra"]
[Source "ChessBase"]
[SourceDate "2007.05.09"]
[SourceVersion "1"]
[SourceVersionDate "2007.05.09"]
[SourceQuality "1"]

1. e4 g6 2. Bc4 Bg7 3. Ne2 c6 4. 0-0 d5 5. exd5 cxd5 6. Bb5+ Nc6 7. d4 Nf6 8. Kh1 0-0 9. f3 Qb6 10. Nbc3 a6 11. Ba4 Na5 12. Re1 Nc4 13. Bb3 Qc6 14. Nf4 e6 15. Nd3 Nd7 16. Ne2 b5 17. c3 Bb7 18. Nef4 Rad8 19. a4 Ra8 20. Nb4 Qc7 21. Nfd3 Rfe8 22. Bf4 Qc8 23. Rb1 Bc6 24. Re2 Ncb6 25. Nxc6 Qxc6 26. Nb4 Qb7 27. axb5 axb5 28. h3 Nc4 29. Qe1 Ndb6 30. Nd3 Qc6 31. Nf2 h5 32. Nd3 Nd7 33. Nb4 Qb7 34. Bc2 Rac8 35. Nxd5 Nxb2 36. Ne3 Nc4 37. Nxc4 Rxc4 38. Bd3 Nb6 39. Rxb5 Qc6 40. Bxc4 Nxc4 41. Rb8 Rxb8 42. Bxb8 Nb6 43. Be5 Bf8 44. Qc1 Nd5 45. c4 Nb6 46. Rc2 Nd7 47. Bf4 Bg7 48. d5 exd5 49. cxd5 Qxd5 50. Rd2 Qf5 51. Ra2 Qd5 52. Qd2 Qe6 53. Ra8+ Kh7 54. Qa2 Qf5 55. Bg3 Nf8 56. Ra5 Qd7 57. Ra7 Qe6 58. Qxe6 Nxe6 59. Rxf7 g5 60. Re7 Nf4 61. Bxf4 gxf4 62. Rf7 1-0